书目信息 |
| 题名: |
分析仪器与仪器分析概论
|
|
| 作者: | 汪正范 , 邓勃 , 王庚辰 编著 | |
| 分册: | ||
| 出版信息: | 北京 化学工业出版社 2005 |
|
| 页数: | ||
| 开本: | 26cm | |
| 丛书名: | 分析仪器使用与维护丛书 | |
| 单 册: | ||
| 中图分类: | TH83 | |
| 科图分类: | ||
| 主题词: | 分析仪器 , 分析仪器--成分分析 | |
| 电子资源: | ||
| ISBN: | 7-5025-6929-4 | |
| 000 | 00767nam0 2200241 450 | |
| 001 | 0754114953 | |
| 005 | 20070929150154.95 | |
| 010 | @a7-5025-6929-4 | |
| 100 | @a20070929d km y0chiy0120 ea | |
| 101 | 0 | @achi |
| 200 | 1 | @a分析仪器与仪器分析概论@Afen xi yi qi yu yi qi fen xi gai lun@f邓勃,王庚辰,汪正范 编著@Fdeng bo,wang geng chen,wang zheng fan bian zhu |
| 210 | @a北京@c化学工业出版社@d2005 | |
| 215 | @c插图@d26cm | |
| 225 | 2 | @a分析仪器使用与维护丛书 |
| 410 | 0 | @12001 @a分析仪器使用与维护丛书 |
| 606 | 0 | @a分析仪器 |
| 606 | 0 | @a分析仪器@x成分分析 |
| 690 | @aTH83@v3 | |
| 701 | 0 | @a汪正范@Awang zheng fan@4编著 |
| 701 | 0 | @a邓勃@Adeng bo@4编著 |
| 701 | 0 | @a王庚辰@Awang geng chen@4编著 |
| 801 | 0 | @aCN@bPFT@c20070929 |
| 905 | @a213230@dTH83@eh9@f1 | |
| 分析仪器与仪器分析概论/邓勃,王庚辰,汪正范 编著.-北京:化学工业出版社,2005 |
| 插图;26cm.-(分析仪器使用与维护丛书) |
| ISBN 7-5025-6929-4: |
| ● |
| 相关链接 |
|
|
|
|
正题名:分析仪器与仪器分析概论
索取号:TH83/h9
 
预约/预借
| 序号 | 登录号 | 条形码 | 馆藏地/架位号 | 状态 | 备注 |
| 1 | 6002333 | 260023334 | 密集书库-化学系/ [索取号:TH83/h9] | 在馆 | |
| 2 | 6002334 | 260023343 | 密集书库-化学系/ [索取号:TH83/h9] | 在馆 |